000 00373nam a2200145Ia 4500
005 20250319071924.0
008 240331s9999 xx 000 0 und d
082 _bNAD
_a894
100 _aNadarajah, K.S
245 0 _aEelaththu tamil ilakkiya valarcci
260 _aChennai
_bSalai Achagam
_c1987
300 _aXiv, 192 p .,
650 _aElathu Tamil Ilakkiyam
942 _cL
999 _c3960
_d3960